Państwa byłej Jugosławii - Statystyki

Ogólne statystyki
  • Ten quiz został rozwiązany 35 094 razy
    11 378 od ostatniego zresetowania
  • Średni wynik to 7 z 7
Statystyki odpowiedzi
Państwo % Poprawnych
Chorwacja
98%
Serbia
98%
Bośnia i Hercegowina
95%
Kosowo
95%
Czarnogóra
93%
Macedonia Północna
91%
Słowenia
90%
Nie znaleziono quizów pasujących do podanych kryteriów
Rozkład punktacji
Procent ludzi z każdym wynikiem
Percentyl według liczby udzielonych odpowiedzi
Twoja historia wyników
Nie rozwiązałeś tego quizu od ostatniego zresetowania